000
00317nam a2200133Ia 4500
008
100328s9999 xx 000 0 und d
082
_b
47663
100
_a
मुजावर बशीर
245
_a
मळभ
260
_b
साहेबजी
630
_a
मळभ
730
_a
मळभ
942
_c
BOOK
999
_c
535407
_d
535404